000 00531nam a2200193Ia 4500
005 20250923145022.0
008 008 250917s9999 xx 000 0 eng d
037 _aTextual
040 _aDSWL
_beng
_cDSWL
041 _aeng
_2eng
084 _aY.7:7.2XM63, H
_qDSWL
245 0 _aSwami Vivekananda on India and his problems
260 _aCalcutta
_bAdvaita Arama
_c1963
300 _a288 p.
365 _aINR
_b1.50
925 _g1.50
942 _cTEXL
_hY.7:7.2XM63, H
999 _c1446114
_d1446114